000 00822nam a2200241Ia 4500
003 OSt
005 20221005112635.0
006 a|||||r|||| 00| 0
007 ta
008 221004b |||||||| |||| 00| 0 pan d
020 _c200
024 _a95261
037 _b218, 01/01/2009, H.K. Prakashan
_cTextual
040 _aCRL
_cCRL
_bpan
041 _2pan
_apan
082 _aO153,3:g, P2
100 _aਭੀਮ ਇੰਦਰ ਸਿੰਘ
245 0 _aਆਧੁਨਿਕ ਪੰਜਾਬੀ ਕਹਾਣੀ ਸਿਆਸੀ ਪਰਿਪੇਖ
260 _aਜਲੰਧਰ
_bਕੁਕਨਸ ਪ੍ਰਕਾਨ ਭਾਰਤ
_c2002
300 _a192ਪੰ
_ccm.
942 _hO153,3:g, P2
_cTEXL
_2cc
999 _c1025491
_d1025491